La guerra del fin del mundo
Tallennettuna:
| Päätekijä: | |
|---|---|
| Aineistotyyppi: | Kirja |
| Kieli: | espanja |
| Julkaistu: |
Barcelona
Seix Barral
1981
|
| Sarja: | Biblioteca breve, 478
|
| Aiheet: | |
| Tagit: |
Lisää tagi
Ei tageja, Lisää ensimmäinen tagi!
|
MARC
| LEADER | 00000nam a2200000 a 4500 | ||
|---|---|---|---|
| 001 | UCY3070 | ||
| 003 | CL-VaPUC | ||
| 008 | 941209e19810000SP |||||||||||||||||spa|d | ||
| 082 | 0 | 4 | |a Pe863 |b VAR |2 21 |
| 100 | 0 | |a Vargas Llosa, Mario |e author |9 318800 | |
| 245 | 1 | 3 | |a La guerra del fin del mundo |
| 300 | |a 531 p | ||
| 942 | |c BK | ||
| 945 | |d 19941209 00:00:00 |a mfernand | ||
| 260 | |a Barcelona |b Seix Barral |c 1981 | ||
| 650 | 7 | |a NOVELAS PERUANAS |2 CL-VaPUC |9 331266 | |
| 650 | 7 | |a HISTORIA INSURRECCION DE CONSELHEIRO 1897 |2 CL-VaPUC |9 331267 | |
| 651 | 0 | |a Brasil |9 267393 | |
| 583 | |a last modification |c 19941209 00:00:00 |k Rodrigo Vera | ||
| 490 | 0 | |a Biblioteca breve, 478 | |
| 999 | |c 231313 |d 231311 | ||
| 952 | |0 0 |1 0 |4 0 |6 PE_863_000000000000000_VAR_1981 |7 0 |8 A |9 234438 |a BIBEDU |b BIBEDU |d 2019-11-15 |i 3038165 |o Pe863 VAR 1981 |p 3038165 |r 2019-11-15 |w 2019-11-15 |y BK |k LIT | ||
| 952 | |0 0 |1 0 |4 0 |6 PE_863_000000000000000_VAR_1981 |7 0 |8 A |9 234439 |a BIBEDU |b BIBEDU |d 2019-11-15 |i 1450670 |o Pe863 VAR 1981 |p 1450670 |r 2019-11-15 |w 2019-11-15 |y BK |k LIT | ||